header

John Wesley (Record no. 242458)

MARC details
000 -LEADER
fixed length control field 01171nam a2200301Ia 4500
100 1# - MAIN ENTRY--AUTHOR NAME
Personal name Wesley, John,
245 10 - TITLE STATEMENT
Title John Wesley
260 ## - PUBLICATION, DISTRIBUTION, ETC. (IMPRINT)
Place of publication New York :
Name of publisher Oxford University Press,
Year of publication 1980, c1964.
300 ## - PHYSICAL DESCRIPTION
Number of Pages xii, 516 p.
650 #0 - SUBJECT ADDED ENTRY--TOPICAL TERM
Topical Term Methodist Church.
Topical Term Theology
700 1# - ADDED ENTRY--PERSONAL NAME
Personal name Outler, Albert Cook,
856 40 - ELECTRONIC LOCATION AND ACCESS
Uniform Resource Identifier http://site.ebrary.com/lib/rucke/Doc?id=10465701

No items available.

© 2026 Rongo University
Contact us: librarian | system librarian | Rongo university